| 000 | 00674cam a22002051 4500 | ||
|---|---|---|---|
| 001 | 276732 | ||
| 005 | 20180226035139.0 | ||
| 008 | 730522r1955 nyu 000 0 eng | ||
| 010 | _a 57004728 | ||
| 040 |
_aDLC _cDLC _dDLC |
||
| 041 | 1 | _aengger | |
| 080 | _a190.9 HOF | ||
| 082 | 0 | 0 | _a190.9 HOF |
| 100 | 1 | _a23 | |
| 101 | _aFIL | ||
| 240 | 1 | 0 |
_aDen nyere filosofis historie. _lEnglish |
| 245 | 0 | 2 |
_aA history of modern philosophy; _cTranslated from the German ed. by B. E. Meyer. Authorised translation. |
| 906 |
_a7 _bcbc _corignew _du _eocip _f19 _gy-gencatlg |
||
| 942 |
_2ddc _cBK |
||
| 999 |
_c43405 _d43405 |
||